|
|
|
|
| LEADER |
00000nab a2200000uu 4500 |
| 001 |
vtls010911129 |
| 003 |
SK-MaSNL |
| 005 |
20260303105815.0 |
| 008 |
230121|2005 xo |||||||||||||||||slo| |
| 015 |
|
|
|a SNBRB
|
| 035 |
|
|
|a (urnnbn)urn:nbn:sk:snk:ar-a083wx
|
| 035 |
|
|
|a (uuid)1ba0fff1-9ae6-4497-8b69-d009dd7d92d6
|
| 035 |
|
|
|a urn:nbn:sk:snk-ab90el
|
| 040 |
|
|
|a SNKBUCL
|b slo
|c SNKBUCL
|e AACR2
|
| 041 |
0 |
|
|a slo
|
| 044 |
|
|
|a xo
|c SK
|
| 100 |
1 |
|
|a Dudeková, Gabriela
|4 aut
|9 548391
|
| 245 |
1 |
0 |
|a SLOVENSKO V 20. STOROČÍ. PRVÝ ZVÄZOK
|c Gabriela Dudeková
|
| 773 |
0 |
|
|t Vojenská história : časopis pre vojenskú históriu, múzejníctvo a archívnictvo
|g Roč. 9, č. 1 (2005), s. 112-115
|
| 954 |
|
|
|a odborná, vedecká literatúra pôvodná (slovenská)
|2 lita
|
| 958 |
|
|
|a OND
|
| 958 |
|
|
|a EUIPO
|
| 958 |
|
|
|a article10
|
| 999 |
|
|
|c 1865616
|d 1867546
|